Interpretacion de practicas geograficas en la puna argentina /
Guardado en:
| Autor Principal: | |
|---|---|
| Otros Autores: | |
| Formato: | Libro |
| Publicado: |
La Plata :
Revista Del Museo De La Plata,
1968
|
| Series: | Sep., Sec. Antropologia, V.vii
|
| Materias: | |
| Etiquetas: |
Agregar Etiqueta
Sin Etiquetas, Sea el primero en etiquetar este registro!
|
| LEADER | 00622nam a22001815a 4500 | ||
|---|---|---|---|
| 001 | EHU.bham005213 | ||
| 003 | AR-BHAM | ||
| 005 | 20081015153651.0 | ||
| 008 | 130507s1968##################000#0#####d | ||
| 082 | 5 | 7 | |a 572.7 |
| 100 | 1 | |a Vivante, Armando | |
| 245 | 1 | 0 | |a Interpretacion de practicas geograficas en la puna argentina / |c Armando Vivante , Nestor Homero Palma , |
| 260 | |a La Plata : |b Revista Del Museo De La Plata, |c 1968 | ||
| 300 | |a 12 p. | ||
| 490 | 0 | |a Sep., Sec. Antropologia, V.vii | |
| 653 | |a Antropologia cultural | ||
| 700 | 1 | |a Palma, Nestor Homero | |
| 859 | |a AR-BHAM |b BIB. HUMANIDADES - General |h 572.7 |i V836-4 |p 99135.74 |t Ej.1 | ||
